000 00516cam a22001572a 4500
001 000872
003 AR-FADEU
008 311216nmarz####xxu####################dd
100 _aSteimbreger, Norma Graciela
245 _aProceso de ocupación social en tierras fiscales. ¿Surgimiento de nuevos sujetos agrarios?
260 _bUniversidad Nacional del Comahue
260 _aNeuquén
260 _cmarzo 1998
650 _aTIERRAS PUBLICAS-OCUPACION-NEUQUEN; TIERRAS FISCALES-OCUPACION-NEUQUEN
942 _cFOLLETO
999 _c1490
_d1490